Black ghosts / (Record no. 29387)
[ view plain ]
| 000 -LEADER | |
|---|---|
| fixed length control field | 00799cam a22002657i 4500 |
| 001 - CONTROL NUMBER | |
| control field | 18771481 |
| 005 - DATE AND TIME OF LATEST TRANSACTION | |
| control field | 20171205123629.0 |
| 008 - FIXED-LENGTH DATA ELEMENTS--GENERAL INFORMATION | |
| fixed length control field | 150904s2015 ke 000 1 eng |
| 010 ## - LIBRARY OF CONGRESS CONTROL NUMBER | |
| LC control number | 2014321719 |
| 020 ## - INTERNATIONAL STANDARD BOOK NUMBER | |
| International Standard Book Number | 9789966560230 |
| 040 ## - CATALOGING SOURCE | |
| Original cataloging agency | DLC |
| Language of cataloging | eng |
| Transcribing agency | DLC |
| Description conventions | rda |
| 042 ## - AUTHENTICATION CODE | |
| Authentication code | lcode |
| 050 00 - LIBRARY OF CONGRESS CALL NUMBER | |
| Classification number | MLCS 2015/00746 (P) |
| 100 1# - MAIN ENTRY--PERSONAL NAME | |
| Personal name | Kamoche, Ken N. |
| 245 10 - TITLE STATEMENT | |
| Title | Black ghosts / |
| Statement of responsibility, etc. | Ken. N. Kamoche. |
| 300 ## - PHYSICAL DESCRIPTION | |
| Extent | 397 pages ; |
| Dimensions | 21 cm. |
| 490 0# - SERIES STATEMENT | |
| Series statement | Peak library |
| 906 ## - LOCAL DATA ELEMENT F, LDF (RLIN) | |
| a | 7 |
| b | cbc |
| c | origode |
| d | 4 |
| e | ncip |
| f | 20 |
| g | y-gencatlg |
| 942 ## - ADDED ENTRY ELEMENTS (KOHA) | |
| Source of classification or shelving scheme | |
| Koha item type | Africana (Books) |
| Classification part | PR 9381.9 .K3B52 2013 |
| Withdrawn status | Lost status | Source of classification or shelving scheme | Damaged status | Not for loan | Home library | Current library | Shelving location | Date acquired | Source of acquisition | Total Checkouts | Full call number | Barcode | Date last seen | Price effective from | Koha item type | Date last checked out |
|---|---|---|---|---|---|---|---|---|---|---|---|---|---|---|---|---|
| MACHAKOS UNIVERSITY LIBRARY | MACHAKOS UNIVERSITY LIBRARY | Africana | 05/12/2017 | Purchase(textbook centre) | PR 9381.9 .K3B52 2013 | 37693 | 05/12/2017 | 05/12/2017 | Africana (Books) | |||||||
| MACHAKOS UNIVERSITY LIBRARY | MACHAKOS UNIVERSITY LIBRARY | Africana | 05/12/2017 | purchase(textbook centre) | 1 | PR 9381.9 .K3B52 2013 | 37697 | 23/09/2024 | 05/12/2017 | Africana (Books) | 23/09/2024 |